MARC

LEADER 00000nam0a2200000 4500
001 378071
005 20231101054256.0
035 |a (RuTPU)RU\TPU\retro\35526 
035 |a RU\TPU\book\83540 
090 |a 378071 
100 |a 20230515d1963 k y0rusy50 ca 
101 0 |a rus 
102 |a RU 
105 |a a z 001zy 
200 1 |a Технология переработки нефти и газа. Нефтехимия  |f Грозненский нефтяной научно-исследовательский институт, под ред. А. З. Дорогочинского 
210 |a Москва  |c Гостоптехиздат  |d 1963 
215 |a 272 с.  |c ил. 
225 1 |a Труды  |v Вып. 12 
320 |a Библиография в конце статей 
610 1 |a нефть 
610 1 |a газ 
610 1 |a нефтехимия 
610 1 |a переработка 
610 1 |a технология 
610 1 |a сборники 
610 1 |a производство 
610 1 |a моторное топливо 
675 |a 665.52  |v 3 
675 |a 665.5  |v 3 
702 1 |a Дорогочинский  |b А. З.  |g Акивий Зиновьевич  |4 340 
712 0 2 |a Грозненский нефтяной научно-исследовательский институт  |2 stltpush  |3 (RuTPU)RU\TPU\col\96 
801 1 |a RU  |b 63413507  |c 20050603  |g PSBO 
801 2 |a RU  |b 63413507  |c 20230515  |g PSBO 
942 |c BK